| 000 | 01269pam a2200385 i 4500 | ||
|---|---|---|---|
| 001 | vtls000943173 | ||
| 003 | PNM | ||
| 005 | 20220616145551.0 | ||
| 008 | 211206t20212021my da g a000 0 eng | ||
| 015 | _aM221-01348 | ||
| 020 |
_a9789672831174 _qpaperback _cRM27.00 |
||
| 039 | 9 |
_a202204221013 _bmiza_h _c202203211158 _dhafizah |
|
| 040 |
_aBNM _beng _cBNM _erda _dPPAK |
||
| 049 | _amal | ||
| 082 | 0 | 4 |
_a667.9 _223 |
| 090 | 0 | 0 |
_a667.9 _bSIT _dG |
| 100 | 0 |
_aSiti Maznah Kabeb, _cDr., _d1980- _eauthor. |
|
| 245 | 1 | 0 |
_aGRAPHENE-BASED COATING : _bEFFECTIVE WAYS OF PREVENTING CORROSION / _cSITI MAZNAH KABEB, AZMAN HASSAN, ZURINA MOHAMAD |
| 264 | 1 |
_aKuantan, Pahang : _bUniversiti Malaysia Pahang, _c2021 |
|
| 264 | 4 | _c©2021 | |
| 300 |
_axv, 63 pages : _bcharts, illustrations ; _c23 cm |
||
| 336 |
_atext _2rdacontent |
||
| 337 |
_aunmediated _2rdamedia |
||
| 338 |
_avolume _2rdacarrier |
||
| 500 | _aIncludes index | ||
| 504 | _aBibliography: pages 49-59 | ||
| 650 | 1 | 0 | _aCoatings |
| 650 | 2 | 0 | _aEpoxy coatings |
| 650 | 2 | 0 | _aGraphene |
| 650 | 2 | 0 | _aCorrosion and anti-corrosives |
| 650 | 2 | 0 |
_aGovernment publications _zMalaysia |
| 700 | 0 |
_aAzman Hassan, _cProf. Dr., _eauthor. |
|
| 700 | 0 |
_aZurina Mohamad, _cProf. Madya, Dr., _eauthor. |
|
| 942 |
_2ddc _cB |
||
| 999 |
_c187958 _d187958 |
||